00703nam a2200205 a 450000100100000000500170001000800410002702000150006804000250008308200150010824000310012324500590015426000460021330000280025949000200028770000330030783000270034095201130036799900170048000003649920200930075751.0120118s1999 sp a 000 0 spa d a848403500X aDO-SdBNPbspacBNPHU axxxxbH88800aFarbergé egsslEspañol00aHuevos Fabergé. /ctraductor Javier Alfonso López. aMadrid, España :bEdimat Libros,c1999. a64 p. :bils. ;c21 cm.1 aEstilo del arte1 aAlfonso López,etr.962741 0aEstilo del arte962742 001050718MOaGRbGRcCTd2012-01-18iLF1l0oxxxx H888p36500-10r2020-06-25w2020-06-25y1ZNo se presta c35990d35990